000 01211nam a2200217Ia 4500
003 Ost
005 20260507075336.0
008 260507s9999||||xx |||||||||||||| ||und||
020 _a9789957820138
040 _cfsecg
041 _aara
082 _a330
100 _aالحدرب، زهير
_eمؤلف
245 0 _aعلم تدقيق الحسابات /
_c زهير الحدرب
260 _aعمان:
_bدار البداية,
_c2010
300 _a222 صفحة؛
_c25 سم
520 _aتعريف التدقيق و أنواعه ، الاخطاء و الغش ، قواعد التدقيق و قواعد السلوك المهني و تقرير المدقق و مدقق الحسابات ، الاثبات في التدقيق و اجراءات تنفيذ عملية التدقيق ، الرقابة الداخلية و تدقيق الأصول المتداولة و طويلة الاجل ، تدقيق الالتزامات قصيرة و طويلة الأجل و حقوق الملكية ، تدقيق حقوق الملكية و المخصصات الاحتياطية و الأرصدة الدائنة الأخرى
653 _aالمحاسبة
653 _aمراجعة الحسابات
942 _cكتاب
999 _c44050
_d44050